000 00763nam a2200265Ia 4500
003 OSt
005 20260408122152.0
008 210210b2013 xxu||||| |||| 00| 0 eng d
020 _a9788192515410
040 _cAL
041 _aHindi
082 _aH891.9 GAUS
100 _aGAUDA (Namdev M)
_dगौड़ा (नामदेव एम)
_9260806
245 _aSamiksha ke vibhinn rang rup
_bसमीक्षा के विभिन्न रंग रूप
260 _aKanpur
_bQuality Publishers
_c2013
300 _a112
650 _avibhinn
_9260807
650 _aSamiksha
_9260808
650 _arup
_9260809
650 _arang
_9260810
650 _ake
_9260811
690 _aHindi Criticism
_9260812
906 _a071632
942 _2ddc
_cBK
999 _c121426
_d121426